000
00278nam a2200109Ia 4500
008
220204s9999 xx 000 0 und d
082
_a
339.562(058)
_b
WOR
245
0
_a
World importers directory. 1999
250
_a
Ed.13
260
_a
Delhi
_b
Anupam Publishers
_c
1999
942
_c
BK
999
_c
41519
_d
41519